Aspectos teóricos y prácticos de la política monetaria /
Na minha lista:
| Autor principal: | |
|---|---|
| Outros Autores: | |
| Formato: | Texto |
| Assuntos: | |
| Tags: |
Adicionar Tag
Sem tags, seja o primeiro a adicionar uma tag!
|
MARC
| LEADER | 00000 a a2200000 04500 | ||
|---|---|---|---|
| 001 | 5450 | ||
| 003 | |||
| 040 | |||
| 100 | |a Zúñiga Fallas, Norberto | ||
| 245 | |a Aspectos teóricos y prácticos de la política monetaria / |c Norberto Zúñiga Fallas | ||
| 650 | |a POLITICA MONETARIA | ||
| 650 | |a INFLACION | ||
| 650 | |a TIPO DE CAMBIO | ||
| 650 | |a TASA DE INTERES | ||
| 650 | |a DEFICIT | ||
| 700 | |a Monge A, Olga | ||
| 773 | |g número 8; páginas 5-22 | ||
| 999 | |c 25567 |d 25567 | ||
